000 00534nam a2200181Ia 4500
008 090124s9999 xx 000 0 und d
082 _b124535
100 _aहरकारे अरुण
245 _a करावं तसं भरावं
250 _a1
260 _c1985
300 _a164
600 _aहरकारे अरुण
630 _a करावं तसं भरावं
700 _aहरकारे अरुण
730 _a करावं तसं भरावं
942 _cBOOK
999 _c170622
_d170622